000 01018cam a2200361 c 4500
001 a499929
003 DO-SdBNP
005 20171116131840.0
007 a499929
008 110221s2010 mx | |||| 000 f spa
015 _a
017 _a
_b
020 _a9789707703285
035 _a
040 _aBPMSU
_bspa
_cBPMSU
_e
080 _a
082 4 _2
_aPe863.44
_bV297t
100 1 _aVargas Llosa, Mario,
_d1936-
245 1 3 _aLa tía Julia y el escribidor /
_h
_cMario Vargas Llosa
250 _a
260 _aMéxico :
_bAlfaguara
_c2010
300 _a466 p. ;
_c23 cm
440 _p
490 _aBiblioteca Mario Vargas Llosa
500 _aIncluye datos biográficos del autor en la solapa de la cubierta
586 _aPremio Nobel de literatura 2010
650 _aNOVELA PERUANA
650 _aLITERATURA PERUANA
830 0 _aBiblioteca Mario Vargas Llosa
942 _2ddc
_cBK
945 _a Inventariado extranjero / 2017 VM
956 _a VMATEO
_b10
_c20160706
_dBPMSU
_f0069
999 _c10764
_d10764